Countries visited by Jeffrey Epstein - Statistics

General Stats
  • This quiz has been taken 26 times
  • The average score is 15 of 24
Answer Stats
Hint Answer % Correct
North America United States of America
100%
North America Mexico
90%
Europe/Asia Russia
90%
Europe Spain
90%
South America Brazil
80%
Asia China
80%
Europe France
80%
Africa South Africa
80%
Europe United Kingdom
80%
North America Cuba
70%
Asia Japan
70%
North America Bahamas
60%
Africa Kenya
60%
Africa Morocco
60%
Africa Nigeria
50%
Europe Norway
50%
Asia Saudi Arabia
50%
Asia United Arab Emirates
50%
Africa Ghana
40%
Africa Senegal
40%
Africa Rwanda
30%
Europe Switzerland
30%
Africa Tanzania
30%
Africa Mozambique
20%
No matching quizzes found
Score Distribution
Percent of People with Each Score
Percentile by Number Answered
Your Score History
You have not taken this quiz